| 000 | 01698nam0a2200433 4500 | ||
|---|---|---|---|
| 001 | RU\NLR\BIBL_A\012730806 | ||
| 005 | 20220513181452.0 | ||
| 010 |
_a978-5-17-138770-9 _93000 |
||
| 021 |
_aRU _bКН-П-21-082731 _9КН-П-21-6595 |
||
| 035 | _a(NLR Aleph) 012730806 | ||
| 035 | _a(RuMoRGB)010896117 | ||
| 090 |
_a12971325 _c12971325 |
||
| 100 | _a20220316d2021 u y0rusy50 ca | ||
| 101 | 1 |
_arus _ceng |
|
| 102 | _aRU | ||
| 105 | _aa|||z||||||z| | ||
| 181 | 1 |
_ai3 _b e |
|
| 182 | 1 | _an | |
| 200 | 1 |
_aВсе о любви _dAll about love _eкак научиться любить и говорить с сердцем напрямую _fБелл Хукс _gперевод [с английского] Ольги Захватовой _zeng |
|
| 203 |
_aТекст _bвизуальный _cнепосредственный |
||
| 210 |
_aМосква _cВремена _cАСТ _d2021 |
||
| 215 |
_a303 с. _cил. _d22 |
||
| 225 | 1 | _aБестселлер Aamazon | |
| 225 | 1 | _aСерия "Trend. Psychology" | |
| 300 | _aАвт. также на англ. яз.: Bell Hooks | ||
| 309 | _aВложена в поясок | ||
| 320 | _aБиблиогр.: с. 302 | ||
| 320 | _aДр. работы авт.: с. 303 | ||
| 333 | _a16+ | ||
| 510 | 1 |
_6z44790 _aAll about love _zeng |
|
| 606 | 1 |
_aЛюбовь _xСоциально-психологические исследования _92154281 _3RU\NLR\AUTH\661297044 |
|
| 686 | 1 | _aС550.53 | |
| 686 | 1 | _aЮ703.13 | |
| 700 | 1 |
_aХукс _bБ. _f1952- _gБелл |
|
| 790 | 1 |
_6z44510 _aHooks _bB. _f1952- _gBell |
|
| 942 | _cBOOK | ||
| 980 | _aNB | ||